000 00592nam a2200169 i 4500
001 66300
003 ES-MaACL
005 20230906165607.0
007 t|
008 040203s1980 sp ||||1| spa d
100 1 _aGalgano, Francesco.
_953388
245 1 4 _aLas instituciones de la economía capitalista
_b: sociedad anónima, Estado y clases sociales /
_cFrancesco Galgano ; prólogo [y traducción] de M. Broseta Pont].
260 _aValencia :
_bFernando Torres,
_c[1980]
300 _a236 p. ;
_c23 cm.
700 1 _aBroseta Pont, Manuel.
_931932
852 _aES-MaACL
_jL-6522
_bR.107146
999 _c66300
_d66300